El escudo de armas de la ciudad de Burgos. (Record no. 164475)

MARC details
000 -LEADER
campo de control de longitud fija 00928nam a2200229 i 4500
001 - NÚMERO DE CONTROL
campo de control 164475
003 - IDENTIFICADOR DE NÚMERO DE CONTROL
campo de control ES-MaACL
005 - FECHA Y HORA DE LA ÚLTIMA TRANSACCIÓN
campo de control 20250702063118.0
008 - DATOS DE LONGITUD FIJA--INFORMACIÓN GENERAL
campo de control de longitud fija 940617s1901 sp |||| | spa d
040 ## - FUENTE DE CATALOGACIÓN
Centro catalogador/agencia de origen CYL
Lengua de catalogación spa
Centro/agencia transcriptor CYL
080 24 - NÚMERO DE LA CLASIFICACIÓN DECIMAL UNIVERSAL
Número de la Clasificación Decimal Universal 929.6(460.182 B)
100 10 - ENTRADA PRINCIPAL--NOMBRE DE PERSONA
Nombre de persona Salvá, Anselmo,
Fechas asociadas al nombre 1849-1922
9 (RLIN) 102053
245 13 - MENCIÓN DEL TÍTULO
Título El escudo de armas de la ciudad de Burgos.
260 ## - PUBLICACIÓN, DISTRIBUCIÓN, ETC.
Lugar de publicación, distribución, etc. Burgos :
Nombre del editor, distribuidor, etc. [s.n.],
Fecha de publicación, distribución, etc. 1901 (
Fabricante Imprenta de San José)
300 ## - DESCRIPCIÓN FÍSICA
Extensión 29 p., [1] h. de lám. ;
Dimensiones 21 cm.
530 ## - NOTA DISPONIBLE DE FORMULARIO FÍSICO ADICIONAL
Nota de formato físico adicional disponible Disponible en formato digital.
594 ## - Nota al título y mención de responsabilidad
Nota al título y mención de responsabilidad Autor (p. 28): Anselmo Salvá.
650 #4 - PUNTO DE ACCESO ADICIONAL DE MATERIA--TÉRMINO DE MATERIA
Término de materia o nombre geográfico como elemento de entrada Heráldica-
Subdivisión geográfica Burgos.
9 (RLIN) 161154
852 ## - LOCALIZACIÓN
Ubicación ES-MaACL
Número de control de estantería T-989-F-9
Nota libre -- Enc. hol., conservanado la enc. original
-- -- Ded. a la Biblioteca del Ateneo de Eloy garcía de Quevedo
-- -- Enc. en un vol. facticio
856 ## - LOCALIZACIÓN Y ACCESO ELECTRÓNICOS
Identificador Uniforme de Recursos <a href="http://bdh-rd.bne.es/viewer.vm?id=0000113223&page=1 ">http://bdh-rd.bne.es/viewer.vm?id=0000113223&page=1 </a>
Nota pública Biblioteca Digital Hispánica
Holdings
Estatus retirado Estado de pérdida Estado de daño No para préstamo Colección Biblioteca de origen Biblioteca actual Ubicación en estantería Fecha de adquisición Total de préstamos Signatura topográfica completa Código de barras Visto por última vez Precio de reemplazo Tipo de ítem Koha
        Colección de folletos Biblioteca del Ateneo de Madrid Biblioteca del Ateneo de Madrid Depósito folletos 17/01/2008   T-989-F-9 1172406 23/02/2023 23/02/2023 Folleto